000 00421nam a22001697a 4500
003 CEME
005 20210628210513.0
008 210208b xxu||||| |||| 00| 0 eng d
040 _c.
082 _a621.3848 RAD
100 _aRidenour, Louis.N
_979660
245 _aRadar system engineering
260 _aNEWYORK
_bMCGRAW HILL
_c1948
300 _a690P
650 _aSYSTEM ENGINEERING-RADAR
_979661
942 _cBK
_2ddc
999 _c584677
_d584677